[Event "Fajr-urmia"]
[Site "urmia"]
[Date "2015.02.19"]
[Round "2.2"]
[White "Sevdimaliyev, Urfan"]
[Black "Khatibi, Meysam"]
[Result "0-1"]
[LiveChessVersion "1.4.4"]
[BlackElo "2168"]
[WhiteElo "2459"]

1. d4 {[%clk 1:30:53]} Nf6 {[%clk 1:30:38]} 2. c4 {[%clk 1:31:18]} e6
{[%clk 1:30:49]} 3. Nf3 {[%clk 1:30:10]} b6 {[%clk 1:31:09]} 4. g3
{[%clk 1:29:19]} Ba6 {[%clk 1:31:29]} 5. b3 {[%clk 1:27:29]} b5 {[%clk 1:29:33]}
6. cxb5 {[%clk 1:24:39]} Bxb5 {[%clk 1:29:36]} 7. Bg2 {[%clk 1:24:30]} Bb4+
{[%clk 1:17:22]} 8. Bd2 {[%clk 1:21:00]} a5 {[%clk 1:17:42]} 9. Nc3
{[%clk 1:17:01]} Bc6 {[%clk 1:13:15]} 10. a3 {[%clk 1:14:59]} Bxc3
{[%clk 1:07:25]} 11. Bxc3 {[%clk 1:15:24]} O-O {[%clk 1:07:45]} 12. O-O
{[%clk 1:15:06]} Qc8 {[%clk 1:04:28]} 13. Qc1 {[%clk 0:52:42]} Qb7
{[%clk 1:02:48]} 14. Qb2 {[%clk 0:52:49]} Bd5 {[%clk 0:58:27]} 15. Rfb1
{[%clk 0:48:01]} Ne4 {[%clk 0:54:54]} 16. Ne1 {[%clk 0:43:29]} f5
{[%clk 0:49:51]} 17. b4 {[%clk 0:35:09]} Nc6 {[%clk 0:30:12]} 18. b5
{[%clk 0:25:13]} Ne7 {[%clk 0:30:14]} 19. f3 {[%clk 0:23:42]} Nf6
{[%clk 0:28:30]} 20. Nd3 {[%clk 0:22:20]} Qb6 {[%clk 0:21:36]} 21. Nf2
{[%clk 0:18:24]} a4 {[%clk 0:20:50]} 22. e4 {[%clk 0:17:18]} Bb3 {[%clk 0:20:36]}
23. Qe2 {[%clk 0:15:23]} Rab8 {[%clk 0:19:06]} 24. Bf1 {[%clk 0:15:12]} Rf7
{[%clk 0:17:31]} 25. Qd2 {[%clk 0:12:49]} fxe4 {[%clk 0:17:07]} 26. fxe4
{[%clk 0:12:57]} Rbf8 {[%clk 0:17:19]} 27. Re1 {[%clk 0:10:55]} e5
{[%clk 0:07:32]} 28. Rac1 {[%clk 0:09:22]} Nfd5 {[%clk 0:06:41]} 29. Ng4
{[%clk 0:04:37]} Nxc3 {[%clk 0:05:59]} 30. Qxc3 {[%clk 0:04:41]} Rf3
{[%clk 0:05:31]} 31. Qc5 {[%clk 0:04:03]} Qg6 {[%clk 0:04:47]} 32. Qxe7
{[%clk 0:02:08]} Qxg4 {[%clk 0:05:10]} 33. Qxe5 {[%clk 0:01:19]} d6
{[%clk 0:01:30]} 34. Qe7 {[%clk 0:01:43]} Rf2 {[%clk 0:00:44]} 35. Qh4
{[%clk 0:00:34]} Qf3 {[%clk 0:00:40]} 36. Qh3 {[%clk 0:00:40]} Ra2
{[%clk 0:00:32]} 37. Bg2 {[%clk 0:00:32]} Qf2+ {[%clk 0:01:01]} 38. Kh1
{[%clk 0:00:57]} Qxd4 {[%clk 0:00:51]} 39. Rf1 {[%clk 0:01:07]} Raf2
{[%clk 0:00:33]} 40. Rxf2 {[%clk 0:01:28]} Qxf2 {[%clk 0:00:44]} 41. Rf1
{[%clk 0:01:00]} Qc5 {[%clk 0:01:13]} 42. Rxf8+ {[%clk 0:00:51]} Kxf8
{[%clk 0:01:42]} 43. Qc8+ {[%clk 0:01:09]} Ke7 {[%clk 0:01:53]} 44. h4
{[%clk 0:01:15]} Be6 {[%clk 0:01:31]} 45. Qh8 {[%clk 0:00:39]} Qxa3
{[%clk 0:01:45]} 46. Qxg7+ {[%clk 0:01:04]} Bf7 {[%clk 0:01:54]} 47. Qg5+
{[%clk 0:01:09]} Ke8 {[%clk 0:01:58]} 48. b6 {[%clk 0:00:34]} cxb6
{[%clk 0:01:58]} 49. Qb5+ {[%clk 0:00:55]} Ke7 {[%clk 0:01:47]} 50. Qxb6
{[%clk 0:00:43]} Be6 {[%clk 0:01:03]} 51. Qa7+ {[%clk 0:00:55]} Bd7
{[%clk 0:01:01]} 52. Bh3 {[%clk 0:00:43]} Qc1+ {[%clk 0:01:25]} 53. Kh2
{[%clk 0:01:05]} Qb2+ {[%clk 0:01:38]} 54. Kh1 {[%clk 0:01:24]} Qb1+
{[%clk 0:01:50]} 55. Kh2 {[%clk 0:01:50]} Qc2+ {[%clk 0:00:48]} 56. Bg2 Qc5
{[%clk 0:01:16]} 57. Qa8 {[%clk 0:00:39]} a3 {[%clk 0:01:37]} 58. Qg8
{[%clk 0:00:33]} Be6 {[%clk 0:01:51]} 59. Qg7+ {[%clk 0:00:39]} Bf7
{[%clk 0:02:04]} 60. Bf3 {[%clk 0:00:39]} Qf2+ {[%clk 0:01:39]} 61. Bg2
{[%clk 0:01:08]} Qf6 {[%clk 0:02:08]} 0-1

[Event "Fajr-urmia"]
[Site "urmia"]
[Date "2015.02.19"]
[Round "2.3"]
[White "Roohi, Abdolmajid"]
[Black "Starostits, Ilmars"]
[Result "0-1"]
[LiveChessVersion "1.4.4"]
[BlackElo "2454"]
[WhiteElo "2133"]

1. d4 {[%clk 1:30:57]} Nf6 {[%clk 1:30:40]} 2. c4 {[%clk 1:31:11]} e6
{[%clk 1:31:02]} 3. Nf3 {[%clk 1:31:31]} b6 {[%clk 1:31:27]} 4. g3
{[%clk 1:31:21]} Ba6 {[%clk 1:31:52]} 5. b3 {[%clk 1:31:46]} d5 {[%clk 1:30:51]}
6. Qc2 {[%clk 1:25:23]} Bb4+ {[%clk 1:30:44]} 7. Bd2 {[%clk 1:25:41]} Be7
{[%clk 1:31:09]} 8. Bg2 {[%clk 1:25:45]} O-O {[%clk 1:30:52]} 9. Ne5
{[%clk 1:24:51]} c6 {[%clk 1:24:20]} 10. e3 {[%clk 1:23:50]} Nfd7
{[%clk 1:22:48]} 11. Nxd7 {[%clk 1:20:35]} Nxd7 {[%clk 1:23:06]} 12. O-O
{[%clk 1:20:53]} f5 {[%clk 1:22:29]} 13. a4 {[%clk 1:17:20]} Nf6 {[%clk 1:21:32]}
14. a5 {[%clk 1:14:59]} Qd7 {[%clk 1:20:22]} 15. Rc1 {[%clk 1:13:01]} Rfc8
{[%clk 1:17:46]} 16. axb6 {[%clk 1:10:13]} axb6 {[%clk 1:17:59]} 17. cxd5
{[%clk 1:07:41]} exd5 {[%clk 1:16:57]} 18. Nc3 {[%clk 1:05:11]} c5
{[%clk 1:13:36]} 19. Na4 {[%clk 0:58:36]} Qe6 {[%clk 1:11:52]} 20. dxc5
{[%clk 0:57:06]} bxc5 {[%clk 1:11:34]} 21. Bc3 {[%clk 0:54:09]} Ne4
{[%clk 1:10:33]} 22. Qb2 {[%clk 0:49:49]} Rab8 {[%clk 1:05:11]} 23. Rab1
{[%clk 0:32:36]} Bd3 {[%clk 1:04:04]} 24. Ra1 {[%clk 0:30:08]} Bf8
{[%clk 0:53:43]} 25. Be5 {[%clk 0:24:17]} Rb5 {[%clk 0:49:54]} 26. f3
{[%clk 0:18:33]} Nf6 {[%clk 0:46:07]} 27. f4 {[%clk 0:18:49]} c4 {[%clk 0:38:06]}
28. Qd4 {[%clk 0:18:17]} Ne4 {[%clk 0:37:02]} 29. bxc4 {[%clk 0:13:47]} dxc4
{[%clk 0:37:18]} 30. g4 {[%clk 0:12:43]} Ra5 {[%clk 0:31:17]} 31. Qb6
{[%clk 0:08:21]} Rxe5 {[%clk 0:30:23]} 32. fxe5 {[%clk 0:07:52]} Qxe5
{[%clk 0:30:49]} 33. Qd4 {[%clk 0:06:51]} Qe6 {[%clk 0:27:32]} 34. gxf5
{[%clk 0:05:30]} Qxf5 {[%clk 0:27:28]} 35. Rf1 {[%clk 0:05:47]} Qg5
{[%clk 0:26:10]} 36. Rf4 {[%clk 0:03:50]} Rd8 {[%clk 0:25:22]} 37. Qa7
{[%clk 0:01:54]} Bd6 {[%clk 0:25:41]} 38. Rf3 {[%clk 0:01:14]} Qe5
{[%clk 0:25:51]} 0-1

[Event "Fajr-urmia"]
[Site "urmia"]
[Date "2015.02.19"]
[Round "2.4"]
[White "Asgarizadeh, Ahmad"]
[Black "Asgarizadeh, Minoo"]
[Result "1-0"]
[LiveChessVersion "1.4.4"]
[BlackElo "2125"]
[WhiteElo "2424"]

1. e4 {[%clk 1:29:46]} g6 {[%clk 1:30:26]} 2. d4 {[%clk 1:28:33]} d6
{[%clk 1:30:44]} 3. Nc3 {[%clk 1:28:56]} Bg7 {[%clk 1:31:06]} 4. Nf3
{[%clk 1:23:35]} Nf6 {[%clk 1:30:40]} 5. h3 {[%clk 1:23:06]} O-O {[%clk 1:30:57]}
6. Be3 {[%clk 1:23:31]} b6 {[%clk 1:31:06]} 7. Bc4 {[%clk 1:14:45]} Bb7
{[%clk 1:16:09]} 8. e5 {[%clk 1:09:47]} Ne4 {[%clk 1:13:49]} 9. Nxe4
{[%clk 0:59:24]} Bxe4 {[%clk 1:14:12]} 10. Ng5 {[%clk 0:59:30]} Bxg2
{[%clk 1:05:27]} 11. Rg1 {[%clk 0:58:15]} Bb7 {[%clk 0:58:07]} 12. e6
{[%clk 0:49:29]} f5 {[%clk 0:56:14]} 13. h4 {[%clk 0:39:31]} d5 {[%clk 0:32:42]}
14. Bd3 {[%clk 0:32:57]} Nc6 {[%clk 0:30:56]} 15. h5 {[%clk 0:30:23]} Qd6
{[%clk 0:18:28]} 16. hxg6 {[%clk 0:25:53]} hxg6 {[%clk 0:16:55]} 17. Qf3
{[%clk 0:18:28]} Nb4 {[%clk 0:11:38]} 18. O-O-O {[%clk 0:16:10]} Nxd3+
{[%clk 0:11:58]} 19. Rxd3 {[%clk 0:16:32]} f4 {[%clk 0:11:19]} 20. Bd2
{[%clk 0:16:36]} Ba6 {[%clk 0:10:54]} 21. Qh1 {[%clk 0:16:26]} Rf6
{[%clk 0:10:39]} 22. Rh3 {[%clk 0:16:50]} Be2 {[%clk 0:08:26]} 23. Rh8+
{[%clk 0:17:15]} 1-0

[Event "Fajr-urmia"]
[Site "urmia"]
[Date "2015.02.19"]
[Round "2.5"]
[White "Guliev, Logman"]
[Black "Heydari, Gholamreza"]
[Result "1-0"]
[LiveChessVersion "1.4.4"]
[BlackElo "2112"]
[WhiteElo "2389"]

1. e4 {[%clk 1:30:55]} c5 {[%clk 1:30:39]} 2. Nf3 {[%clk 1:31:17]} d6
{[%clk 1:30:55]} 3. d4 {[%clk 1:31:39]} cxd4 {[%clk 1:31:13]} 4. Nxd4
{[%clk 1:32:04]} Nf6 {[%clk 1:31:34]} 5. Nc3 {[%clk 1:32:27]} a6 {[%clk 1:31:45]}
6. Be2 {[%clk 1:32:29]} e6 {[%clk 1:31:50]} 7. O-O {[%clk 1:32:24]} Qc7
{[%clk 1:31:31]} 8. f4 {[%clk 1:32:37]} Be7 {[%clk 1:31:39]} 9. Kh1
{[%clk 1:32:57]} Nc6 {[%clk 1:27:45]} 10. Nxc6 {[%clk 1:30:39]} bxc6
{[%clk 1:20:46]} 11. Bd3 {[%clk 1:30:59]} c5 {[%clk 1:08:16]} 12. Qe2
{[%clk 1:27:12]} Bb7 {[%clk 1:06:07]} 13. e5 {[%clk 1:18:31]} dxe5
{[%clk 1:05:44]} 14. fxe5 {[%clk 1:13:53]} Nd7 {[%clk 0:49:59]} 15. Bf4
{[%clk 1:13:34]} g5 {[%clk 0:40:51]} 16. Bg3 {[%clk 1:12:14]} h5 {[%clk 0:40:39]}
17. h3 {[%clk 1:12:19]} g4 {[%clk 0:22:33]} 18. h4 {[%clk 1:12:22]} Nb6
{[%clk 0:15:44]} 19. Rad1 {[%clk 1:08:18]} Nd5 {[%clk 0:10:58]} 20. Ne4
{[%clk 1:06:10]} Qc6 {[%clk 0:11:20]} 21. a3 {[%clk 1:05:23]} c4 {[%clk 0:10:16]}
22. Bxc4 {[%clk 1:05:14]} Ne3 {[%clk 0:10:24]} 23. Qxe3 {[%clk 1:04:13]} Qxe4
{[%clk 0:09:28]} 24. Qf2 {[%clk 0:58:17]} O-O {[%clk 0:09:43]} 25. Bd3
{[%clk 0:58:20]} Qc6 {[%clk 0:10:03]} 26. Rde1 {[%clk 0:55:50]} a5
{[%clk 0:03:43]} 27. Re4 {[%clk 0:55:22]} Rad8 {[%clk 0:02:35]} 28. Rf4
{[%clk 0:53:37]} a4 {[%clk 0:01:38]} 29. Kh2 {[%clk 0:49:53]} Rc8
{[%clk 0:01:45]} 30. Qe2 {[%clk 0:47:02]} 1-0

[Event "Fajr-urmia"]
[Site "urmia"]
[Date "2015.02.19"]
[Round "2.6"]
[White "Godarz, Kasra"]
[Black "Pourkashiyan, Atousa"]
[Result "1-0"]
[LiveChessVersion "1.4.4"]
[BlackElo "2361"]
[WhiteElo "2123"]

1. e4 {[%clk 1:30:32]} d6 {[%clk 1:30:54]} 2. d4 {[%clk 1:30:37]} Nf6
{[%clk 1:31:18]} 3. Nc3 {[%clk 1:30:36]} g6 {[%clk 1:31:41]} 4. Nf3
{[%clk 1:30:13]} Bg7 {[%clk 1:32:03]} 5. Bc4 {[%clk 1:30:22]} O-O
{[%clk 1:31:59]} 6. Qe2 {[%clk 1:30:45]} Bg4 {[%clk 1:31:23]} 7. e5
{[%clk 1:14:41]} dxe5 {[%clk 1:27:37]} 8. dxe5 {[%clk 1:14:59]} Nfd7
{[%clk 1:27:27]} 9. e6 {[%clk 1:14:22]} Ne5 {[%clk 1:27:18]} 10. exf7+
{[%clk 1:11:55]} Kh8 {[%clk 1:27:40]} 11. Bh6 {[%clk 0:59:22]} Nxf3+
{[%clk 1:18:27]} 12. gxf3 {[%clk 0:57:11]} Bxh6 {[%clk 1:18:54]} 13. fxg4
{[%clk 0:57:26]} Nc6 {[%clk 1:19:18]} 14. Rd1 {[%clk 0:55:20]} Nd4
{[%clk 1:18:22]} 15. Qe4 {[%clk 0:54:14]} c5 {[%clk 1:18:16]} 16. h4
{[%clk 0:42:36]} e6 {[%clk 1:05:56]} 17. g5 {[%clk 0:37:40]} Bg7 {[%clk 1:04:53]}
18. h5 {[%clk 0:35:10]} Qxg5 {[%clk 1:03:42]} 19. hxg6 {[%clk 0:34:11]} h6
{[%clk 1:04:07]} 20. Kf1 {[%clk 0:24:52]} Rad8 {[%clk 0:54:13]} 21. Rd3
{[%clk 0:21:15]} Nf5 {[%clk 0:42:09]} 22. Bxe6 {[%clk 0:09:44]} Rxd3
{[%clk 0:42:05]} 23. Qxd3 {[%clk 0:08:53]} Nd4 {[%clk 0:36:36]} 24. Bc4
{[%clk 0:07:53]} a6 {[%clk 0:31:59]} 25. Qg3 {[%clk 0:07:37]} Qxg3
{[%clk 0:26:45]} 26. fxg3 {[%clk 0:07:59]} Nf5 {[%clk 0:27:13]} 27. Kf2
{[%clk 0:06:59]} Bd4+ {[%clk 0:26:58]} 28. Kf3 {[%clk 0:07:17]} Kg7
{[%clk 0:27:15]} 29. Bd3 {[%clk 0:07:02]} Ne7 {[%clk 0:27:43]} 30. Ne2
{[%clk 0:05:52]} Nxg6 {[%clk 0:28:05]} 31. Nxd4 {[%clk 0:06:14]} cxd4
{[%clk 0:28:25]} 32. Bxg6 {[%clk 0:04:28]} Kxg6 {[%clk 0:28:53]} 33. Rh2
{[%clk 0:01:01]} Rxf7+ {[%clk 0:29:08]} 34. Ke4 {[%clk 0:01:28]} Kg5
{[%clk 0:29:17]} 35. Kxd4 {[%clk 0:01:45]} Rf3 {[%clk 0:29:45]} 36. Kc5
{[%clk 0:01:03]} b5 {[%clk 0:29:07]} 37. a4 {[%clk 0:01:11]} Rf5+
{[%clk 0:24:04]} 38. Kb4 {[%clk 0:01:12]} bxa4 {[%clk 0:24:32]} 39. Kxa4
{[%clk 0:01:32]} a5 {[%clk 0:24:09]} 40. c4 {[%clk 0:01:55]} h5 {[%clk 0:22:55]}
41. Rc2 {[%clk 0:02:20]} Rc5 {[%clk 0:22:16]} 42. b4 {[%clk 0:02:19]} axb4
{[%clk 0:22:45]} 43. Kxb4 {[%clk 0:02:45]} Rc8 {[%clk 0:23:13]} 44. c5
{[%clk 0:03:04]} Kf6 {[%clk 0:19:35]} 45. Kb5 {[%clk 0:01:49]} Ke7
{[%clk 0:20:04]} 46. Rd2 {[%clk 0:01:02]} Rb8+ {[%clk 0:20:32]} 47. Kc6
{[%clk 0:01:24]} Rb3 {[%clk 0:20:59]} 48. Rd5 {[%clk 0:01:22]} Rxg3
{[%clk 0:18:39]} 49. Rxh5 {[%clk 0:01:48]} Kd8 {[%clk 0:19:05]} 50. Rh8+
{[%clk 0:02:13]} Ke7 {[%clk 0:19:33]} 51. Kc7 {[%clk 0:02:34]} Rc3
{[%clk 0:20:00]} 52. c6 {[%clk 0:02:58]} Rc1 {[%clk 0:20:29]} 53. Rh2
{[%clk 0:03:17]} Ke6 {[%clk 0:20:25]} 54. Rd2 {[%clk 0:03:31]} Rc3
{[%clk 0:20:43]} 55. Kb7 {[%clk 0:03:53]} Rb3+ {[%clk 0:21:10]} 56. Kc8
{[%clk 0:04:16]} Rc3 {[%clk 0:21:38]} 57. c7 {[%clk 0:04:41]} Ke7
{[%clk 0:21:54]} 58. Rd4 {[%clk 0:04:42]} Rc1 {[%clk 0:22:16]} 59. Re4+
{[%clk 0:03:36]} Kd6 {[%clk 0:22:28]} 60. Rd4+ {[%clk 0:03:45]} Ke7
{[%clk 0:22:39]} 61. Rd2 {[%clk 0:04:03]} Ke8 {[%clk 0:22:36]} 62. Rb2
{[%clk 0:04:01]} Ke7 {[%clk 0:18:45]} 63. Kb8 {[%clk 0:04:18]} Kd7
{[%clk 0:19:09]} 64. Rd2+ {[%clk 0:04:43]} 1-0

[Event "Fajr-urmia"]
[Site "urmia"]
[Date "2015.02.19"]
[Round "2.7"]
[White "Chighladze, Iveri"]
[Black "Derakhshani, Borna"]
[Result "1-0"]
[LiveChessVersion "1.4.4"]
[BlackElo "2081"]
[WhiteElo "2338"]

1. Nf3 {[%clk 1:30:30]} Nf6 {[%clk 1:20:25]} 2. g3 {[%clk 1:30:20]} d5
{[%clk 1:19:53]} 3. Bg2 {[%clk 1:30:42]} c6 {[%clk 1:19:25]} 4. c4
{[%clk 1:31:01]} Bg4 {[%clk 1:16:56]} 5. Ne5 {[%clk 1:30:26]} e6 {[%clk 1:11:41]}
6. cxd5 {[%clk 1:26:52]} exd5 {[%clk 1:11:45]} 7. Nxg4 {[%clk 1:27:10]} Nxg4
{[%clk 1:12:09]} 8. e4 {[%clk 1:27:05]} Ne5 {[%clk 1:06:45]} 9. d4
{[%clk 1:26:34]} Bb4+ {[%clk 1:06:40]} 10. Nc3 {[%clk 1:26:33]} Ng6
{[%clk 1:04:00]} 11. exd5 {[%clk 1:23:52]} cxd5 {[%clk 0:59:26]} 12. Qb3
{[%clk 1:22:35]} Nc6 {[%clk 0:56:44]} 13. O-O {[%clk 1:22:39]} O-O
{[%clk 0:54:15]} 14. Nxd5 {[%clk 1:21:55]} a5 {[%clk 0:53:30]} 15. Be3
{[%clk 1:21:09]} Rb8 {[%clk 0:51:45]} 16. Nxb4 {[%clk 1:17:55]} Nxb4
{[%clk 0:52:00]} 17. a3 {[%clk 1:17:56]} Na6 {[%clk 0:51:30]} 18. Qb5
{[%clk 1:17:37]} Re8 {[%clk 0:49:44]} 19. Rad1 {[%clk 1:13:53]} Re7
{[%clk 0:48:03]} 20. d5 {[%clk 1:13:40]} Rd7 {[%clk 0:47:40]} 21. Bb6
{[%clk 1:13:43]} 1-0

[Event "Fajr-urmia"]
[Site "urmia"]
[Date "2015.02.19"]
[Round "2.8"]
[White "Khalili, Saeid"]
[Black "Darban, Morteza"]
[Result "0-1"]
[LiveChessVersion "1.4.4"]
[BlackElo "2334"]
[WhiteElo "2109"]

1. d4 {[%clk 1:30:58]} Nf6 {[%clk 1:30:21]} 2. Nf3 {[%clk 1:31:18]} d6
{[%clk 1:30:15]} 3. c4 {[%clk 1:31:18]} g6 {[%clk 1:29:26]} 4. Nc3
{[%clk 1:31:30]} Bf5 {[%clk 1:24:15]} 5. Bg5 {[%clk 1:27:51]} Bg7
{[%clk 1:24:43]} 6. e3 {[%clk 1:23:53]} O-O {[%clk 1:25:10]} 7. Bd3
{[%clk 1:23:36]} Bd7 {[%clk 1:24:29]} 8. O-O {[%clk 1:18:33]} h6 {[%clk 1:24:47]}
9. Bh4 {[%clk 1:18:41]} Nc6 {[%clk 1:25:15]} 10. Rc1 {[%clk 1:18:06]} Qc8
{[%clk 0:57:40]} 11. Nd5 {[%clk 1:15:46]} Re8 {[%clk 0:54:46]} 12. a3
{[%clk 1:13:07]} Nh7 {[%clk 0:54:15]} 13. Qc2 {[%clk 1:10:23]} e6
{[%clk 0:53:50]} 14. Nc3 {[%clk 1:07:01]} e5 {[%clk 0:51:38]} 15. dxe5
{[%clk 1:06:03]} dxe5 {[%clk 0:51:56]} 16. e4 {[%clk 1:02:39]} Bg4
{[%clk 0:50:50]} 17. Be2 {[%clk 0:56:57]} Bxf3 {[%clk 0:50:36]} 18. Bxf3
{[%clk 0:57:17]} Nd4 {[%clk 0:50:22]} 19. Qd3 {[%clk 0:56:28]} h5
{[%clk 0:49:08]} 20. h3 {[%clk 0:54:19]} Bf6 {[%clk 0:42:19]} 21. Bxf6
{[%clk 0:53:10]} Nxf6 {[%clk 0:42:46]} 22. Bd1 {[%clk 0:50:15]} Ne6
{[%clk 0:37:27]} 23. Qg3 {[%clk 0:47:56]} Nf4 {[%clk 0:37:15]} 24. Re1
{[%clk 0:45:59]} c6 {[%clk 0:37:25]} 25. Re3 {[%clk 0:45:27]} Qc7
{[%clk 0:34:45]} 26. Qh4 {[%clk 0:42:14]} Kg7 {[%clk 0:33:10]} 27. Rf3
{[%clk 0:37:05]} Qe7 {[%clk 0:33:37]} 28. Re3 {[%clk 0:30:38]} Rad8
{[%clk 0:33:38]} 29. Ne2 {[%clk 0:26:25]} Nd3 {[%clk 0:33:01]} 30. Rb1
{[%clk 0:23:21]} Nxb2 {[%clk 0:33:27]} 31. Bb3 {[%clk 0:22:59]} Nd3
{[%clk 0:33:08]} 32. Bc2 {[%clk 0:21:51]} Nc5 {[%clk 0:32:56]} 33. f4
{[%clk 0:18:34]} exf4 {[%clk 0:19:51]} 34. Nxf4 {[%clk 0:18:04]} Nfxe4
{[%clk 0:18:38]} 35. Qe1 {[%clk 0:13:48]} Qg5 {[%clk 0:17:36]} 36. Nd3
{[%clk 0:13:32]} Nd2 {[%clk 0:16:11]} 37. Qxd2 {[%clk 0:07:31]} Rxe3
{[%clk 0:16:29]} 38. h4 {[%clk 0:06:13]} Qe5 {[%clk 0:16:37]} 0-1

[Event "Fajr-urmia"]
[Site "urmia"]
[Date "2015.02.19"]
[Round "2.9"]
[White "Gholami, Aryan"]
[Black "Akbari, Mohammad"]
[Result "1-0"]
[LiveChessVersion "1.4.4"]
[BlackElo "2050"]
[WhiteElo "2325"]

1. d4 {[%clk 1:30:50]} Nf6 {[%clk 1:30:20]} 2. Nf3 {[%clk 1:30:00]} g6
{[%clk 1:26:21]} 3. Bf4 {[%clk 1:26:53]} Bg7 {[%clk 1:23:16]} 4. Nbd2
{[%clk 1:25:55]} O-O {[%clk 1:19:09]} 5. e4 {[%clk 1:24:16]} d6 {[%clk 1:07:58]}
6. Be2 {[%clk 1:22:17]} Nbd7 {[%clk 1:02:00]} 7. O-O {[%clk 1:20:50]} Qe8
{[%clk 0:57:41]} 8. c3 {[%clk 1:03:03]} e5 {[%clk 0:50:48]} 9. dxe5
{[%clk 1:01:59]} dxe5 {[%clk 0:50:16]} 10. Be3 {[%clk 1:01:53]} Ng4
{[%clk 0:46:09]} 11. Bg5 {[%clk 1:02:07]} Nc5 {[%clk 0:44:01]} 12. h3
{[%clk 0:55:07]} Nf6 {[%clk 0:42:18]} 13. Qc2 {[%clk 0:55:29]} Ne6
{[%clk 0:39:53]} 14. Be3 {[%clk 0:55:52]} Nh5 {[%clk 0:39:09]} 15. Rfe1
{[%clk 0:55:09]} f5 {[%clk 0:36:05]} 16. exf5 {[%clk 0:54:33]} gxf5
{[%clk 0:35:23]} 17. Bc4 {[%clk 0:54:42]} Qc6 {[%clk 0:09:18]} 18. b4
{[%clk 0:51:59]} Kh8 {[%clk 0:05:23]} 19. b5 {[%clk 0:39:16]} Qd6
{[%clk 0:05:46]} 20. Rad1 {[%clk 0:38:03]} Nef4 {[%clk 0:05:02]} 21. Bf1
{[%clk 0:36:02]} Qg6 {[%clk 0:03:56]} 22. Nc4 {[%clk 0:35:53]} Nxh3+
{[%clk 0:02:55]} 23. Kh1 {[%clk 0:35:30]} N3f4 {[%clk 0:03:20]} 24. Ncxe5
{[%clk 0:35:35]} Qh6 {[%clk 0:03:09]} 25. Kg1 {[%clk 0:35:54]} Be6
{[%clk 0:03:10]} 26. Qc1 {[%clk 0:33:38]} Rg8 {[%clk 0:02:58]} 27. Nd3
{[%clk 0:32:11]} Nh3+ {[%clk 0:01:57]} 28. gxh3 {[%clk 0:32:02]} f4
{[%clk 0:01:57]} 29. Nxf4 {[%clk 0:31:44]} Nxf4 {[%clk 0:01:38]} 30. Bxf4
{[%clk 0:32:08]} Be5+ {[%clk 0:00:35]} 31. Bg5 {[%clk 0:32:35]} Bf6
{[%clk 0:00:32]} 32. h4 {[%clk 0:30:43]} Raf8 {[%clk 0:00:59]} 33. Bg2
{[%clk 0:30:07]} Bxg5 {[%clk 0:00:51]} 34. hxg5 {[%clk 0:30:30]} Rxf3
{[%clk 0:00:49]} 35. gxh6 {[%clk 0:30:38]} Bh3 {[%clk 0:01:03]} 36. Re8
{[%clk 0:30:54]} 1-0

[Event "Fajr-urmia"]
[Site "urmia"]
[Date "2015.02.19"]
[Round "2.10"]
[White "Nikbin, Saeed"]
[Black "Mosadeghpour, Masoud"]
[Result "0-1"]
[LiveChessVersion "1.4.4"]
[BlackElo "2325"]
[WhiteElo "2060"]

1. e4 {[%clk 1:30:46]} e5 {[%clk 1:21:26]} 2. Nf3 {[%clk 1:31:04]} Nf6
{[%clk 1:21:16]} 3. Nc3 {[%clk 1:31:17]} Nc6 {[%clk 1:20:56]} 4. Bb5
{[%clk 1:31:18]} Bc5 {[%clk 1:20:51]} 5. O-O {[%clk 1:31:14]} O-O
{[%clk 1:20:51]} 6. d3 {[%clk 1:29:31]} Nd4 {[%clk 1:21:05]} 7. Nxd4
{[%clk 1:26:42]} exd4 {[%clk 1:21:22]} 8. Ne2 {[%clk 1:26:41]} d5
{[%clk 1:21:50]} 9. Ng3 {[%clk 1:23:56]} c6 {[%clk 1:17:50]} 10. Ba4
{[%clk 1:23:50]} a5 {[%clk 1:17:16]} 11. a3 {[%clk 1:20:29]} dxe4
{[%clk 1:17:33]} 12. dxe4 {[%clk 1:19:18]} Be6 {[%clk 1:17:50]} 13. Qd3
{[%clk 1:18:56]} Ng4 {[%clk 1:11:10]} 14. Bf4 {[%clk 1:15:21]} Nxh2
{[%clk 1:10:31]} 15. Rfd1 {[%clk 1:06:32]} Ng4 {[%clk 1:09:31]} 16. Nf5
{[%clk 1:06:08]} Qf6 {[%clk 1:06:53]} 17. Bg3 {[%clk 1:02:51]} Bxf5
{[%clk 1:05:47]} 18. exf5 {[%clk 1:03:07]} Nh6 {[%clk 1:05:58]} 19. Re1
{[%clk 1:02:32]} Rfe8 {[%clk 1:05:06]} 20. Bf4 {[%clk 0:58:48]} Nxf5
{[%clk 1:04:43]} 21. Qd2 {[%clk 0:59:00]} Ne3 {[%clk 0:58:29]} 22. Bg3
{[%clk 0:49:10]} Nc4 {[%clk 0:58:50]} 23. Qc1 {[%clk 0:47:21]} Bd6
{[%clk 0:55:18]} 24. Bxd6 {[%clk 0:45:18]} Nxd6 {[%clk 0:55:28]} 25. Bb3
{[%clk 0:45:33]} Ne4 {[%clk 0:55:14]} 26. Re2 {[%clk 0:45:20]} Re5
{[%clk 0:50:56]} 27. Bc4 {[%clk 0:36:02]} Rae8 {[%clk 0:45:14]} 28. Bd3
{[%clk 0:33:01]} h5 {[%clk 0:42:52]} 29. Qe1 {[%clk 0:28:35]} Nc5
{[%clk 0:39:15]} 30. Rxe5 {[%clk 0:27:41]} Qxe5 {[%clk 0:39:40]} 31. Qd2
{[%clk 0:27:49]} h4 {[%clk 0:40:04]} 32. Rd1 {[%clk 0:27:25]} Na4
{[%clk 0:39:04]} 33. Bf1 {[%clk 0:24:25]} Nxb2 {[%clk 0:38:17]} 34. Rb1
{[%clk 0:24:46]} Na4 {[%clk 0:38:43]} 35. Rxb7 {[%clk 0:24:54]} Nc3
{[%clk 0:37:20]} 36. Bc4 {[%clk 0:23:11]} Kh8 {[%clk 0:27:07]} 37. Rxf7
{[%clk 0:20:10]} c5 {[%clk 0:05:57]} 38. Rf4 {[%clk 0:19:40]} g5 {[%clk 0:01:11]}
39. Rxh4+ {[%clk 0:19:53]} Kg7 {[%clk 0:01:40]} 40. Rg4 {[%clk 0:19:59]} Kf6
{[%clk 0:01:42]} 41. Kf1 {[%clk 0:12:10]} Rh8 {[%clk 0:00:36]} 42. g3
{[%clk 0:06:55]} Qf5 {[%clk 0:01:03]} 43. Be2 {[%clk 0:04:43]} Ne4
{[%clk 0:01:30]} 44. Rxe4 {[%clk 0:04:40]} Qh3+ {[%clk 0:01:22]} 45. Ke1
{[%clk 0:03:41]} Qh1+ {[%clk 0:01:51]} 46. Bf1 {[%clk 0:03:45]} Qxe4+
{[%clk 0:02:18]} 47. Kd1 {[%clk 0:04:00]} Qf3+ {[%clk 0:00:53]} 48. Qe2
{[%clk 0:04:16]} g4 {[%clk 0:00:43]} 49. Kd2 {[%clk 0:03:58]} Qc3+
{[%clk 0:01:01]} 50. Kd1 {[%clk 0:04:08]} Rb8 {[%clk 0:00:43]} 51. Qa6+
{[%clk 0:04:12]} Kg5 {[%clk 0:00:41]} 52. Bb5 {[%clk 0:04:16]} d3
{[%clk 0:01:05]} 53. cxd3 {[%clk 0:02:58]} Qb3+ {[%clk 0:01:26]} 54. Ke2
{[%clk 0:02:32]} Qxb5 {[%clk 0:01:13]} 55. Qd6 {[%clk 0:02:52]} Re8+
{[%clk 0:00:52]} 0-1